| 000 | 00565nam a22001817a 4500 | ||
|---|---|---|---|
| 003 | OSt | ||
| 082 |
_a631.56 _bANJ/ST |
||
| 088 | _aP 503 | ||
| 100 |
_aAnjali S _94963 |
||
| 100 |
_aAnshad K _94964 |
||
| 100 |
_aAswajith S _94965 |
||
| 100 |
_aDarvish Hussain M _94998 |
||
| 245 | _aStatic analysis of the Hitech and frame assembly and field performance testing of KAU manure pulverizer cum applicator | ||
| 260 |
_aKCAET,Thavanur _bDepartment of farm machinery and power engineering _c2021 |
||
| 300 | _a55 p | ||
| 700 |
_aJayan P R (guide) _93764 |
||
| 942 | _cPR | ||
| 999 |
_c17401 _d17401 |
||